LEADER 01158nam a2200277 i 4500 001 000000042450 003 CaOOAMICUS 005 20250923093705.0 008 080519s1995 it u000 u ita u 020 $a88-372-1556-8 040 $aSeMil$bita 245 00$aChiesa e famiglia in Europa /$ca cura di Adriano Caprioli, Luciano Vaccaro. 260 $aBrescia :$bMorcelliana,$c1995. 300 $a283 p. ;$c23 cm. 490 0 $aQuaderni della Gazzada ;$v14 650 4$aFamiglia - Concezione cristiana.$0(OLS)http://semarc/subject/1374 700 1 $aVaccaro, Luciano.$0(OLS)http://semarc/name/205 700 1 $aCaprioli, Adriano,$c.$0(OLS)http://semarc/name/206 830 0$aQuaderni della Gazzada ;$v14.$0(OLS)http://semarc/title/225 850 $aSeMil 852 $aSeMil$W1$xVenegono$y1$m2E V 124$j262034$B8605$CSeMilBibl$Z2$F8605 $81 961 $aOmaggio: Rimoldi mons. Antonio 996 $6020$a88-372-1556-8$9(OLS)http://semarc/number/13738 996 $6245$aChiesa e famiglia in Europa$9(OLS)http://semarc/title/61919 996 $6260$aBrescia :$bMorcelliana$9(OLS)http://semarc/publisher/29629 LEADER 00663nam a2200181 i 4500 001 000000103831 003 CaOOAMICUS 005 20011017000000.0 008 011017n fr u000 u mul u 013 $a76012 040 $aSeMil$bita 245 10$aA-Baud. 300 $a659 p. 710 2 $aÉcole biblique de Jérusalem.$0(OLS)http://semarc/name/1488 773 0 $aÉcole biblique de Jérusalem$tCatalogue de la Bibliothèque de l'École Biblique de Jerusalem.$dParis : Gabalda, 1986.$gTome1$w()1642 850 $aSeMil 852 $aSeMil$W1$xVenegono$y1$mSL1.R VIII 16$j60279$B60279$CSeMilBibl$Z2$F44760 $8I 996 $6245$aA-Baud$9(OLS)http://semarc/title/150670